<?xml version="1.0" encoding="UTF-8"?><?xml-stylesheet type="text/xsl" href="static/style.xsl"?><OAI-PMH xmlns="http://www.openarchives.org/OAI/2.0/" xmlns:xsi="http://www.w3.org/2001/XMLSchema-instance" xsi:schemaLocation="http://www.openarchives.org/OAI/2.0/ http://www.openarchives.org/OAI/2.0/OAI-PMH.xsd"><responseDate>2026-04-27T14:40:06Z</responseDate><request verb="GetRecord" identifier="oai:uvadoc.uva.es:10324/6015" metadataPrefix="marc">https://uvadoc.uva.es/oai/request</request><GetRecord><record><header><identifier>oai:uvadoc.uva.es:10324/6015</identifier><datestamp>2021-06-29T09:57:09Z</datestamp><setSpec>com_10324_38</setSpec><setSpec>col_10324_852</setSpec></header><metadata><record xmlns="http://www.loc.gov/MARC21/slim" xmlns:doc="http://www.lyncode.com/xoai" xmlns:xsi="http://www.w3.org/2001/XMLSchema-instance" xmlns:dcterms="http://purl.org/dc/terms/" xsi:schemaLocation="http://www.loc.gov/MARC21/slim http://www.loc.gov/standards/marcxml/schema/MARC21slim.xsd">
<leader>00925njm 22002777a 4500</leader>
<datafield tag="042" ind1=" " ind2=" ">
<subfield code="a">dc</subfield>
</datafield>
<datafield tag="720" ind1=" " ind2=" ">
<subfield code="a">Riva Hernández, Pedro de la</subfield>
<subfield code="e">author</subfield>
</datafield>
<datafield tag="260" ind1=" " ind2=" ">
<subfield code="c">2014</subfield>
</datafield>
<datafield tag="520" ind1=" " ind2=" ">
<subfield code="a">En el siglo XXI, con la importancia de las matemáticas en nuestras vidas, los objetivos que&#xd;
debemos marcarnos los docentes tienen que ser cada vez más ambiciosos. Debemos&#xd;
pretender que el alumno/a encuentre sentido al estudio de las matemáticas, que no se&#xd;
limite únicamente a dominar las cuatro operaciones básicas y a aprender un número&#xd;
determinado de conceptos sin ningún fin ni sentido. Tenemos que ayudar a los&#xd;
alumnos/as a que apliquen lo que estudian a su entorno y a que sean capaces de solucionar&#xd;
las dificultades que surgen en su día a día con sus propias estrategias. Dicho logro muchas&#xd;
veces no es tarea fácil ya que el alumno/a se desmotiva en el trayecto, dada la cantidad de&#xd;
conceptos “difíciles de entender” que requiere el aprendizaje de las matemáticas.&#xd;
El juego puede ayudar a nuestros alumnos/as a cambiar la idea que tienen de las&#xd;
matemáticas. A través de él, el niño/a se enfrenta a situaciones problemáticas, crea sus&#xd;
mecanismos de resolución y al mismo tiempo, disfruta.</subfield>
</datafield>
<datafield tag="024" ind2=" " ind1="8">
<subfield code="a">http://uvadoc.uva.es/handle/10324/6015</subfield>
</datafield>
<datafield ind1=" " ind2=" " tag="653">
<subfield code="a">Matemáticas</subfield>
</datafield>
<datafield ind1=" " ind2=" " tag="653">
<subfield code="a">Educación Primaria</subfield>
</datafield>
<datafield tag="245" ind1="0" ind2="0">
<subfield code="a">Juegos de matemáticas en el segundo ciclo de Educación Primaria</subfield>
</datafield>
</record></metadata></record></GetRecord></OAI-PMH>